Fundamentals phenomena in Hypersonic Flow (Record no. 311792)

000 -LEADER
fixed length control field 00286 a2200121 4500
001 - CONTROL NUMBER
control field 76719
082 ## - DEWEY DECIMAL CLASSIFICATION NUMBER
Classification number 533.276 HAL
090 ## - LOCALLY ASSIGNED LC-TYPE CALL NUMBER (OCLC); LOCAL CALL NUMBER (RLIN)
-- 39239
-- 39239
100 ## - MAIN ENTRY--PERSONAL NAME
Personal name HAll Gordon
245 ## - TITLE STATEMENT
Title Fundamentals phenomena in Hypersonic Flow
260 ## - PUBLICATION, DISTRIBUTION, ETC.
Place of publication, distribution, etc. NY
Name of publisher, distributor, etc. Cornell Uni
Date of publication, distribution, etc. 1966
300 ## - PHYSICAL DESCRIPTION
Extent 354 p.
942 ## - ADDED ENTRY ELEMENTS (KOHA)
Institution code [OBSOLETE] NUST-CAE
Call number prefix 533.276 HAL
Holdings
Withdrawn status Lost status Damaged status Not for loan Collection code Permanent Location Current Location Date acquired Total Checkouts Full call number Barcode Date last seen Price effective from Koha item type
          College of Aeronautical Engineering (CAE) College of Aeronautical Engineering (CAE) 04/03/2017   533.276 HAL CAE68001 04/05/2017 04/05/2017 Book
© 2023 Central Library, National University of Sciences and Technology. All Rights Reserved.